| 000 | 00858nam a2200253 i 4500 | ||
|---|---|---|---|
| 001 | 66491 | ||
| 003 | ES-MaACL | ||
| 005 | 20250812045219.0 | ||
| 007 | t| | ||
| 008 | 000706s1999 sp ||||0| spa d | ||
| 020 | _a84-7821-403-8 | ||
| 040 |
_aM-BN _bspa _cM-BN |
||
| 080 | _a7.034(460.156) | ||
| 100 | 1 |
_aZorrozúa Santisteban, Julen. _9118361 |
|
| 245 | 1 | 0 |
_aErrenazimenduko artea Araban _b: = El arte del Renacimiento en Alava / _cJulen Zorrozúa Santisteban. |
| 260 |
_a[Vitoria-Gasteiz] : _bArabako Foru Aldundia = Diputación Foral de Alava, _c[1999] |
||
| 300 |
_a109 p. : _bil. col. ; _c25 cm. |
||
| 650 | 1 | 4 |
_aArte renacentista- _zÁlava _910288 |
| 710 | 1 |
_aÁlava. _bConsejo de Cultura. _91309 |
|
| 740 | 3 | _aEl arte del Renacimiento en Alava. | |
| 852 |
_aES-MaACL _jL-26962 _bR.132341 |
||
| 999 |
_c66491 _d66491 |
||